Historia de las exploraciones árticas hechas en busca del paso del nordeste / (Record no. 160810)

MARC details
000 -LEADER
campo de control de longitud fija 01222nam a22002775i 4500
001 - NÚMERO DE CONTROL
campo de control 160810
003 - IDENTIFICADOR DE NÚMERO DE CONTROL
campo de control ES-MaACL
005 - FECHA Y HORA DE LA ÚLTIMA TRANSACCIÓN
campo de control 20250831063041.0
008 - DATOS DE LONGITUD FIJA--INFORMACIÓN GENERAL
campo de control de longitud fija 990519s1882 sp ab |||| | spa d
040 ## - FUENTE DE CATALOGACIÓN
Centro catalogador/agencia de origen CCPB | B
Lengua de catalogación spa
Centro/agencia transcriptor CCPB | B
080 ## - NÚMERO DE LA CLASIFICACIÓN DECIMAL UNIVERSAL
Número de la Clasificación Decimal Universal 910
100 1# - ENTRADA PRINCIPAL--NOMBRE DE PERSONA
Nombre de persona Novo y Colson, Pedro de,
Fechas asociadas al nombre 1846-1931
9 (RLIN) 86091
245 10 - MENCIÓN DEL TÍTULO
Título Historia de las exploraciones árticas hechas en busca del paso del nordeste /
Mención de responsabilidad, etc. por Pedro de Novo y Colson.
250 ## - MENCION DE EDICION
Mención de edición 2ª ed.
260 ## - PUBLICACIÓN, DISTRIBUCIÓN, ETC.
Lugar de publicación, distribución, etc. Madrid :
Nombre del editor, distribuidor, etc. [s.n.],
Fecha de publicación, distribución, etc. 1882 (
Fabricante Imp. de Fortanet)
300 ## - DESCRIPCIÓN FÍSICA
Extensión XIII, 260 p., [1] h. de map. pleg. :
Otras características físicas il. ;
Dimensiones 24 cm.
599 ## - NOTA A LAS ILUSTRACIONES
NOTA A LAS ILUSTRACIONES El mapa pleg. lit.: "Osler. aut.º, Lit. Vda de Roldan"
599 ## - NOTA A LAS ILUSTRACIONES
NOTA A LAS ILUSTRACIONES 1 h. de lám. lit.: "A. Carpeter", retrato de Nordenskiöld.
599 ## - NOTA A LAS ILUSTRACIONES
NOTA A LAS ILUSTRACIONES il.: una carta autógrafa precede al prólogo.
600 14 - PUNTO DE ACCESO ADICIONAL DE MATERIA--NOMBRE DE PERSONA
Nombre de persona Nordenskiöld, Adolf Erik (
Fechas asociadas al nombre 1832-1901)
9 (RLIN) 130521
650 #7 - PUNTO DE ACCESO ADICIONAL DE MATERIA--TÉRMINO DE MATERIA
Término de materia o nombre geográfico como elemento de entrada Exploradores
Fuente del encabezamiento o término embne
9 (RLIN) 174369
651 #4 - PUNTO DE ACCESO ADICIONAL DE MATERIA--NOMBRE GEOGRÁFICO
Nombre geográfico Regiones árticas-
Subdivisión general Descubrimientos y exploraciones.
9 (RLIN) 9304
651 #4 - PUNTO DE ACCESO ADICIONAL DE MATERIA--NOMBRE GEOGRÁFICO
Nombre geográfico Paso del Nordeste-
Subdivisión general Descubrimientos y exploraciones.
9 (RLIN) 144566
852 ## - LOCALIZACIÓN
Ubicación ES-MaACL
Número de control de estantería G-13630
Nota libre . - Enc. hol.
-- . - Dedicatoria autógrafa de José Rodríguez Mourelo, al Ateneo de Madrid
Holdings
Estatus retirado Estado de pérdida Estado de daño No para préstamo Colección Biblioteca de origen Biblioteca actual Ubicación en estantería Fecha de adquisición Fuente de adquisición Total de préstamos Signatura topográfica completa Código de barras Visto por última vez Precio de reemplazo Tipo de ítem Koha
        Libros del s. XIX Biblioteca del Ateneo de Madrid Biblioteca del Ateneo de Madrid Sala Pecera Planta 3 17/01/2008     G-13630 1168399 23/02/2023 23/02/2023 Libro impreso antiguo